Sử dụng dấu phân tử và đánh giá cảm quan để phân tích mùi thơm trên lúa mùa (Oryza sativa L.) : Luận văn Tốt nghiệp Cao học. Chuyên ngành Công nghệ sinh học

Đề tài đánh giá mùi thơm của 100 giống lúa mùa bằng chỉ thị phân tử và phương pháp cảm quan nhằm khai thác vật liệu khởi đầu cho công tác nghiên cứu chọn giống lúa có mùi thơm.

Đã lưu trong:
书目详细资料
主要作者: Võ, Tuấn Cảnh
格式: 图书
语言:Undetermined
出版: Cần Thơ Trường Đại học Cần Thơ 2014
主题:
标签: 添加标签
没有标签, 成为第一个标记此记录!
Thư viện lưu trữ: Trung tâm Học liệu Trường Đại học Cần Thơ
LEADER 01134nam a2200217Ia 4500
001 CTU_197879
008 210402s9999 xx 000 0 und d
082 |a 660.65 
082 |b C107 
088 |a 60420201 
100 |a Võ, Tuấn Cảnh 
245 0 |a Sử dụng dấu phân tử và đánh giá cảm quan để phân tích mùi thơm trên lúa mùa (Oryza sativa L.) : 
245 0 |b Luận văn Tốt nghiệp Cao học. Chuyên ngành Công nghệ sinh học 
245 0 |c Võ Tuấn Cảnh ; Nguyễn Thị Lang (Cán bộ hướng dẫn) 
260 |a Cần Thơ 
260 |b Trường Đại học Cần Thơ 
260 |c 2014 
520 |a Đề tài đánh giá mùi thơm của 100 giống lúa mùa bằng chỉ thị phân tử và phương pháp cảm quan nhằm khai thác vật liệu khởi đầu cho công tác nghiên cứu chọn giống lúa có mùi thơm. 
650 |a Công nghệ di truyền,Genetic engineering 
910 |a Hải 
980 |a Trung tâm Học liệu Trường Đại học Cần Thơ